00637 2200229 4500001002100000005001700021008004100038035002400079082001200103090001900115100002000134245008500154250001100239260003300250300001900283650004200302850001500344980001300359985000600372986001400378999001500392YOGYA-0209000001405620090227022400.0 ind  0010-020900000014056 a331.252 a331.252bSub T aSUBROTO, Thomas aTanya jawab undang-undang no. 11 tahun 1992 tentang dana pensiuncThomas Subroto aCet. 2 aSemarangbDahara Prizec1997 a104 hlmc17 cm aPensiun - Undang-undang dan peraturan aYOPDYOG(B) a12-07-05 a1 afwhrthrev a98P0114901